书目信息 |
| 题名: |
工程结构安全诊治技术与工程实例
|
|
| 作者: | 惠云玲 主编 | |
| 分册: | ||
| 出版信息: | 北京 中国建材工业出版社 2009.11 |
|
| 页数: | 379页 | |
| 开本: | 26cm | |
| 丛书名: | ||
| 单 册: | ||
| 中图分类: | TU3-53 | |
| 科图分类: | ||
| 主题词: | 工程结构--gong cheng jie gou--安全技术--文集 | |
| 电子资源: | ||
| ISBN: | 978-7-80227-622-2 | |
| 000 | 01133nam0 2200253 450 | |
| 001 | 012010408346 | |
| 005 | 20100604105820.87 | |
| 010 | @a978-7-80227-622-2@dCNY50.00 | |
| 100 | @a20100604d2009 em y0chiy0120 ea | |
| 101 | 0 | @achi |
| 102 | @aCN@b110000 | |
| 105 | @aa a 000yy | |
| 106 | @ar | |
| 200 | 1 | @a工程结构安全诊治技术与工程实例@Agong cheng jie gou an quan zhen zhi ji shu yu gong cheng shi li@f惠云玲主编@Fzhu bian hui yun ling |
| 210 | @a北京@c中国建材工业出版社@d2009.11 | |
| 215 | @a379页@c图@d26cm | |
| 300 | @a2009年11月18-20日,“全国工程结构诊治与安全控制学术研讨会”在昆明召开 | |
| 320 | @a有书目 | |
| 330 | @a本书总结了近年来在工程结构诊治与安全控制研究方面的新进展和工程经验,内容包括:工业建筑结构诊治与安全控制,混凝土结构、钢结构、砌体结构诊治与安全控制研究,结构诊治与安全控制相关技术标准介绍,工程结构抗震与安全控制研究,混凝土结构耐久性的诊断、评估与修复,混凝土结构裂缝诊断、控制、监测与检测技术等。 | |
| 606 | 0 | @a工程结构@Agong cheng jie gou@x安全技术@j文集 |
| 690 | @aTU3-53@v4 | |
| 701 | 0 | @a惠云玲@Ahui yun ling@4主编 |
| 801 | 0 | @aCN@bQSSK@c20100604 |
| 905 | @b781449-51@dTU3-53@eH951@f3 | |
| 工程结构安全诊治技术与工程实例/惠云玲主编.-北京:中国建材工业出版社,2009.11 |
| 379页:图;26cm |
| 2009年11月18-20日,“全国工程结构诊治与安全控制学术研讨会”在昆明召开 |
| ISBN 978-7-80227-622-2:CNY50.00 |
| 本书总结了近年来在工程结构诊治与安全控制研究方面的新进展和工程经验,内容包括:工业建筑结构诊治与安全控制,混凝土结构、钢结构、砌体结构诊治与安全控制研究,结构诊治与安全控制相关技术标准介绍,工程结构抗震与安全控制研究,混凝土结构耐久性的诊断、评估与修复,混凝土结构裂缝诊断、控制、监测与检测技术等。 |
| ● |
| 相关链接 |
|
|
|
正题名:工程结构安全诊治技术与工程实例
索取号:TU3-53/H951
 
预约/预借
| 序号 | 登录号 | 条形码 | 馆藏地/架位号 | 状态 | 备注 |
| 1 | 781449 | 207814490 | 建筑库101/101建筑库 76排3列1层/ [索取号:TU3-53/H951] | 在馆 | |
| 2 | 781450 | 207814506 | 建筑库101/101建筑库 76排3列1层/ [索取号:TU3-53/H951] | 在馆 | |
| 3 | 781451 | 207814515 | 建筑库101/101建筑库 76排3列1层/ [索取号:TU3-53/H951] | 在馆 |